000
00260nam a2200109Ia 4500
008
200302s9999 xx 000 0 und d
100
_a
Marcus Binney
245
_a
Airport Builders
260
_b
Academy Edition Martins Press
260
_c
1999
300
_a
223 P.,
999
_c
5524
_d
5524